Cebu Pacific fleet - Statistics

General Stats
  • This quiz has been taken 9 times
  • The average score is 5 of 6
Answer Stats
Hint Answer % Correct
Airbus A320neo
100%
Airbus A320-200
89%
Airbus A321-200
89%
Airbus A321neo
78%
Airbus A330-900neo
78%
ATR 72-600F
22%
No matching quizzes found
Score Distribution
Percent of People with Each Score
Percentile by Number Answered
Your Score History
You have not taken this quiz